Yoyo el mago / (Registro nro. 9884)

Detalles MARC
000 -CABECERA
Longitud fija campo de control 00885nam a2200277 a 4500
003 - • IDENTIFICADOR DELl NÚMERO DE CONTROL
Identificador del número de control CO-ViMGA
005 - • FECHA Y HORA DE LA ÚLTIMA TRANSACCIÓN
Fecha y hora de la última transacción 20230915223420.0
008 - • CÓDIGOS DE INFORMACIÓN DE LONGITUD FIJA
Códigos de información de longitud fija 141112s2004 ck r 000 u spa d
020 ## - • NÚMERO INTERNACIONAL NORMALIZADO PARA LIBROS
Número Internacional Normalizado para Libros (ISBN) 9789681658021
040 ## - FUENTE DE LA CATALOGACIÓN
Centro catalogador de origen CO-ViMGA
Lengua de catalogación spa
Centro transcriptor CO-ViMGA
041 ## - • CÓDIGO DE LENGUA
Código de lengua del texto/banda sonora o título independiente spa fre
043 ## - CÓDIGO DE ÁREA GEOGRÁFICA
Código de área geográfica e - fr - - -
100 1# - • PUNTO DE ACCESO PRINCIPAL-NOMBRE DE PERSONA
Nombre de persona Heitz, Bruno, 1957 -
245 10 - • TITULO PROPIAMENTE DICHO
Título Yoyo el mago /
Mención de responsabilidad, etc. Bruno Heitz ; ilustraciones de Manuel Monroy ; traducción de Diana Luz Sánchez.
300 ## - • DESCRIPCIÓN FÍSICA
Extensión 31 p. : il. ; 19 cm.
490 0# - • MENCIÓN DE SERIE
Mención de serie A la orilla del viento. Para los que están aprendiendo a leer ; 110
650 14 - • PUNTO DE ACCESO ADICIONAL DE MATERIA - TÉRMINO DE MATERIA
Término de materia o nombre geográfico como elemento inicial Cuentos infantiles franceses.
700 1# - • PUNTO DE ACCESO ADICIONAL - NOMBRE DE PERSONA
Nombre de persona Monroy, Manuel, 1970 - , il.
942 ## - ENTRADA DE ELEMENTOS AGREGADOS (KOHA)
Fuente de clasificaión o esquema Dewey Decimal Classification
Koha [por defecto] tipo de item LIbro
949 ## - TRATAMIENTO DE LA INFORMACIÓN LOCAL (OCLC)
a n n
Existencias
Perdido Fuente de clasificación o esquema Estado Físico No para préstamo Forma de adquisición Localización permanente Localización actual Fecha adquisición Serie de enumeración / cronolog&íacute;a Préstamos totales Signatura completa Código de barras Fecha última consulta Número de copia Fecha del precio de reemplazo Tipo de item de Koha Localización en estanterías
  Dewey Decimal Classification       Biblioteca Pública Fuentedeoro - Henry Llanos García Biblioteca Pública Fuentedeoro - Henry Llanos García 04/05/2025     C HEI4 Fo00002193 04/05/2025 Ej.1 04/05/2025 Libro Infantil Sala Infantil
  Dewey Decimal Classification       Biblioteca Pública Fuentedeoro - Henry Llanos García Biblioteca Pública Fuentedeoro - Henry Llanos García 04/05/2025     C HEI4 Fo00002198 04/05/2025 Ej.1 04/05/2025 Libro Infantil Sala Infantil
  Dewey Decimal Classification     Infantil Biblioteca Pública La Macarena Biblioteca Pública La Macarena 07/16/2024     C HEI4 LM001514 07/16/2024 Ej.1 07/16/2024 Libro Infantil Sala Infantil
  Dewey Decimal Classification     Sala General Estacion de Lectura Apiay - Villavicencio Estacion de Lectura Apiay - Villavicencio 12/04/2015 23/dic/2014   C HEIy 27960 12/04/2015 Ej. 1 12/04/2015 LIbro  









Instituto Departamental de Cultura del Meta - Red Departamental de Bibliotecas Públicas del Meta.